MARC

LEADER 00000nam0a2200000 4500
001 369410
005 20231102012159.0
035 |a (RuTPU)RU\TPU\retro\26796 
090 |a 369410 
100 |a 20220520d1980 m y0rusy50 ca 
101 0 |a rus 
102 |a RU 
105 |a a j 001zy 
200 1 |a Измерение параметров вибрации и удара  |e учебное пособие  |f В. С. Шкаликов, Е. Г. Исакович, В. С. Пеллинец, Н. Я. Цыган 
210 |a Москва  |c Изд-во стандартов  |d 1980 
215 |a 278 с.  |c ил. 
320 |a Библиогр.: с. 275 
606 1 |a Виброизмерения  |x Приборостроение  |2 stltpush  |3 (RuTPU)RU\TPU\subj\38210  |9 58864 
610 1 |a учебные пособия 
610 1 |a удар 
610 1 |a параметры 
610 1 |a измерения 
610 1 |a вибрации 
610 1 |a колебания 
610 1 |a средства измерений 
610 1 |a метрология 
675 |a 681.2.082(075)  |v 4 
701 1 |a Шкаликов  |b В. С.  |g Владимир Сергеевич 
701 1 |a Исакович  |b Е. Г.  |g Евгений Григорьевич 
701 1 |a Пеллинец  |b В. С.  |g Вильям Семенович 
701 1 |a Цыган  |b Н. Я.  |g Николай Яковлевич 
801 1 |a RU  |b 63413507  |c 20220520 
801 2 |a RU  |b 63413507  |c 20220520  |g RCR 
942 |c BK